Walt Disney Pictures Presents... Quiz Stats

 Plays Quiz Updated Mar 25, 2017

Support Sporcle.
Go Orange.
Score 0/24 Timer 07:00
38 Plays Today
% Correct
Aladdin
85.4%
Alice in Wonderland
83%
Cinderella
80.3%
The Little Mermaid
65.3%
Mulan
63.2%
Oliver & Company
60.2%
Dumbo
59.6%
Tarzan
59.2%
Hercules
55.5%
Peter Pan
50.8%
Lilo & Stitch
50.3%
The Princess and the Frog
46.9%
% Correct
Pocahontas
45.9%
The Lion King
45.8%
Beauty and the Beast
42%
Sleeping Beauty
41.5%
Bambi
38.7%
The Hunchback of Notre Dame
38.1%
Lady and the Tramp
37.1%
Robin Hood
36.6%
The Fox and the Hound
34.9%
One Hundred and One Dalmatians
34%
The Rescuers
31.7%
The Aristocats
31.7%

You're not logged in!

Compare scores with friends on all Sporcle quizzes.
OR
Log In
Forgot?

From the Vault

Pulp Fiction Quotes

by babymonkee

No, we don't mean the weird stuff at the bottom of your orange juice.
Remove Ads.
Support Sporcle.
Get the best of Sporcle when you Go Orange. This ad-free experience offers more features, more stats, and more fun while also helping to support Sporcle. Thank you for becoming a member.

Show Comments

Extras

Top Quizzes Today


Score Distribution

Your Account Isn't Verified!

In order to create a playlist on Sporcle, you need to verify the email address you used during registration. Go to your Sporcle Settings to finish the process.

Report this User

Report this user for behavior that violates our Community Guidelines.

Details: